| 000 | 00803nam a22001337a 4500 | ||
|---|---|---|---|
| 040 | _cRUA | ||
| 082 | _aVEM KOY 2015 B484 Or.1 | ||
| 100 | _aKOY VANDY; | ||
| 245 | _aSurvey on pig diseases 63 days in kol somnang fram at ordong district, kampong speu province; ការអង្កេតជំងឺដែលជួបប្រទះលើជ្រូកសាច់ចាប់ពីពេលផ្តាច់ដោះរហូតដល់អាយុ៦៣ថ្ងៃ នៅក្នុងកសិដ្ឋាន កុល សំណាង ស្រុកឧដុង្គ ខេត្តកំពង់ស្ពឹ | ||
| 260 |
_aPhnom Penh _bRUA _c2015 |
||
| 300 |
_aix;34p. _bill. _c29cm. |
||
| 856 | _uhttps://drive.google.com/file/d/1SKHmY3JAhoSPBmq_jj8AgDVN6pGUsnjV/view?usp=sharing | ||
| 942 | _cVEM | ||
| 999 |
_c8180 _d8180 |
||